000
00325pab a2200145 454500
008
180718b1985 xxu||||| |||| 00| 0 eng d
100
_a
Rajaiah, B.
245
_a
Rethinking on public sector
260
_c
1985
300
_a
35-9
362
_a
Apr.
650
_a
Government Enterprise
773
_a
Lok Udyog
909
_a
9169
999
_c
9169
_d
9169